LEADER 00890nam0-22003011i-450- 001 990002028140403321 005 20021010 035 $a000202814 035 $aFED01000202814 035 $a(Aleph)000202814FED01 035 $a000202814 100 $a20021010d--------km-y0itay50------ba 101 0 $aita 200 1 $aAcherontia atropos L. (suoi rapporti con l'agricoltura e l'apicoltura).$fA. Zappi Recordati 210 $aRoma$cREDA$d1953 215 $a35 p.$d24 cm 610 0 $aApicoltura 610 0 $aLepidotteri Notturni 676 $a595.799 700 1$aZappi Recordati,$bAntonio$068106 801 0$aIT$bUNINA$gRICA$2UNIMARC 901 $aBK 912 $a990002028140403321 952 $a61 XIV D.5/076$b4583 (13/12/89)$fDAGEN 959 $aDAGEN 996 $aAcherontia atropos L. (suoi rapporti con l'agricoltura e l'apicoltura)$9404881 997 $aUNINA DB $aING01 LEADER 01333cam--2200409---450 001 990000660440203316 005 20201202100015.0 035 $a0066044 035 $aUSA010066044 035 $a(ALEPH)000066044USA01 035 $a0066044 100 $a20011001d19741976km-y0itay50------ba 101 0 $aita 102 $aIT 105 $ay|||||||001yy 200 1 $aEconomia e classi sociali in Puglia nell'età moderna$f[scritti di] Cormio ... [et al.] 210 $aNapoli$cGuida$d1974 (stampa 1976) 215 $a275 p.$d21 cm 225 2 $aStoria$v11 300 $aIntroduzione di Pasquale Villani 410 0$12001$aStoria$v11 512 1 $aEconomia e classi sociali nella Puglia moderna 606 0 $aCondizioni socioeconomiche$ySicilia$zSec. 17.-18.$2BNCF 676 $a330.94575 702 1$aCORMIO,$bAldo 702 1$aVILLANI,$bPasquale$f<1924-2015> 801 0$aIT$bsalbc$gISBD 912 $a990000660440203316 950 $aDIP.TO SCIENZE ECONOMICHE - (SA)$dDS 300 330.945 COR$e693 DISES 951 $aX.2.B. 390(III A Coll. 62/11)$b78676 L.M.$cX.2. 951 $aX.2.B. 390a(C 9 3 26)$b7008 CSSM$cX.2.$d393460 951 $a300 330.945 COR$b693 DISES 959 $aBK 969 $aDISES 969 $aUMA 996 $aEconomia e classi sociali in puglia nell'età moderna$9683943 997 $aUNISA LEADER 00737cam0-22002891i-450 001 990004780510403321 005 20251126122535.0 035 $a000478051 035 $aFED01000478051 035 $a(Aleph)000478051FED01 100 $a19990604d1847----km-y0itay50------ba 101 0 $aita 102 $aIT 105 $af-------001gy 200 1 $aCanti$fdi Giuseppe Regaldi 205 $a3. ed. napolitana 210 $aNapoli$cs.n.$d1847 215 $a380 p., [6] tav.$d22 cm 676 $a851.7 700 1$aRegaldi,$bGiuseppe$f<1809-1883>$0191138 801 0$aIT$bUNINA$gRICA$2UNIMARC 901 $aBK 912 $a990004780510403321 952 $a3/VIII C 02$fFLFBC 959 $aFLFBC 996 $aCanti$9143453 997 $aUNINA